[Event "Unive Open"]
[Site "Hoogeveen"]
[Date "2009.10.18"]
[Round "3"]
[White "Hummel, Joop"]
[Black "Klein, David"]
[Result "1-0"]
[WhiteElo "2025"]
[BlackElo "2248"]
[PlyCount "100"]
[EventDate "9.10.??"]

1. d4 Nf6 2. c4 g6 3. Nf3 Bg7 4. g3 O-O 5. Bg2 d6 6. O-O c6 7. Nc3 Qa5 8. d5
cxd5 9. cxd5 Na6 10. h3 Bd7 11. e4 b5 12. e5 Ne8 13. e6 fxe6 14. dxe6 Bc6 15.
Nd5 Bxd5 16. Qxd5 Nf6 17. Qb7 Nc5 18. Qxe7 Qb6 19. Rd1 Rae8 20. Qxd6 Rd8 21.
Qxd8 Rxd8 22. Be3 Rxd1+ 23. Rxd1 b4 24. e7 Qb5 25. Ng5 Bh6 26. Rd8+ Kg7 27. h4
b3 28. axb3 Nxb3 29. Bd5 Bxg5 30. hxg5 Ne8 31. Bf4 Qe2 32. Rxe8 Qd1+ 33. Kh2
Qxd5 34. Rd8 Qc5 35. Be5+ Qxe5 36. e8=Q Qxe8 37. Rxe8 a5 38. Rb8 Nd4 39. Rb7+
Kf8 40. Kg2 Ne6 41. f4 Nc5 42. Rxh7 Nd3 43. Rb7 a4 44. Kf3 Ke8 45. Ke2 Nc5 46.
Ra7 Kd8 47. Rg7 Ne4 48. Rxg6 Nxg3+ 49. Kd3 Nh5 50. Ke3 Nxf4 1-0